| 000 | 00655cam a22002293a 4500 | ||
|---|---|---|---|
| 001 | 24689 | ||
| 003 | PGUSA | ||
| 005 | 20140828083530.0 | ||
| 008 | 080226s2008||||xxu|||||s|||||000 | eng d | ||
| 040 |
_aPGUSA _beng |
||
| 042 | _adc | ||
| 050 | 4 | _aDG | |
| 100 | 1 |
_aSymonds, John Addington, _d1840-1893 |
|
| 245 | 1 | 0 |
_aNew Italian sketches _h[electronic resource] / _cJohn Addington Symonds |
| 260 |
_bProject Gutenberg, _c2008 |
||
| 506 | _aPublic domain in the USA. | ||
| 516 | _aElectronic text | ||
| 653 | _aItaly -- Description and travel | ||
| 830 | 0 |
_aProject Gutenberg _v24689 |
|
| 856 | 4 | 0 | _uhttp://www.gutenberg.org/ebooks/24689 |
| 942 | _cEB | ||
| 999 |
_c253944 _d253944 |
||